| 000 | 00510nam a2200169Ia 4500 | ||
|---|---|---|---|
| 008 | 230917s9999||||xx |||||||||||||| ||und|| | ||
| 020 | _cRS710 | ||
| 040 |
_e227333 _aMAIN |
||
| 041 | _aEnglish | ||
| 082 | _a005.133 G713S | ||
| 100 | _aGottfried, Byron S | ||
| 245 | 0 | _aSchaum's outlines theory and problems of programming with visual basic | |
| 260 |
_aNew Delhi _bMcGraw Hill Education (India) _c2014 |
||
| 300 | _aix, 325 p. | ||
| 500 | _a2069 07/08/2015 HBD15/6461 07/08/2015 Main Budget | ||
| 942 | _cBK | ||
| 999 |
_c15405 _d15405 |
||